[Event "Rhein Main op-B 24th"]
[Site "Bad Homburg"]
[Date "2022.06.18"]
[Round "6"]
[White "Ensslinger, Oliver"]
[Black "Knuplesch, Ulrich"]
[Result "0-1"]
[WhiteElo "1255"]
[BlackElo "1607"]
[PlyCount "120"]
[EventDate "2022.06.15"]
[EventType "swiss"]
[EventRounds "7"]
[EventCountry "GER"]
[SourceTitle "EXT 2023"]
[Source "ChessBase"]
[SourceDate "2022.10.05"]
[SourceVersion "1"]
[SourceVersionDate "2022.10.05"]
[SourceQuality "1"]

1. d4 d5 2. Bf4 c5 3. c3 cxd4 4. cxd4 Nf6 5. Nf3 e6 6. e3 Bb4+ 7. Nbd2 0-0 8. Bd3 Nc6 9. 0-0 a6 10. a3 Be7 11. Rc1 Nh5 12. Ne5 Nxf4 13. Nxc6 bxc6 14. exf4 Bd7 15. Nf3 Qb6 16. Rb1 Rfc8 17. Ne5 Be8 18. Nf3 c5 19. dxc5 Rxc5 20. Qd2 Rac8 21. b4 Rc3 22. Rfc1 R3c7 23. Rxc7 Rxc7 24. Rc1 Bb5 25. Rxc7 Qxc7 26. Bxb5 axb5 27. Nd4 Qc4 28. g3 Bf6 29. Ne2 g6 30. Kg2 Kg7 31. h4 h6 32. Kh3 Qe4 33. Kh2 Qc4 34. Kh3 h5 35. Kh2 e5 36. fxe5 Bxe5 37. f4 Ba1 38. Nc1 d4 39. Nd3 Qc3 40. Qxc3 dxc3 41. Ne1 Bb2 42. Nc2 Kf6 43. Kg2 Ke6 44. Kf3 Kd5 45. Ke3 Kc4 46. Ke2 Bc1 47. Kd1 Bd2 48. Na1 f6 49. Ke2 Bc1 50. Nc2 Bd2 51. Na1 Kd5 52. Nb3 Kc4 53. Na1 g5 54. hxg5 fxg5 55. f5 Kd5 56. Nb3 h4 57. gxh4 gxh4 58. f6 Ke6 59. Nd4+ Kxf6 60. Nf3 h3 0-1